000 00960cam a22002411a 4500
001 l 65000239
003 DLC
005 20260227111548.0
008 870617s1962 sz 000 0 eng
010 _al 65000239
035 _a(OCoLC)16159386
040 _aDLC
_cPU-L
_dDLC
042 _apremarc
050 0 0 _aHD6961.A1
_bI73 no. 15
111 2 _aAsian Regional Seminar on the Prevention and Settlement of Industrial Disputes
_d(1961 :
_cKuala Lumpur, Malaya)
245 1 0 _aPrevention and settlement of industrial disputes in Asia :
_bdocuments submitted to and report of an Asian regional seminar, Kuala Lumpur, 7-19 December 1961.
260 _aGeneva :
_bInternational Labour Office,
_c1962.
300 _aii, 266 p. ;
_c30 cm.
440 0 _aLabour-Management relations series ;
_vno. 15
500 _aAt head of title: International Labour Organisation.
650 0 _aArbitration, Industrial
_zAsia.
710 2 _aInternational Labour Organisation.
999 _c37230
_d37230